00446 a2200109 4500001000700000040003200007245003000039300003200069520016700101650004400268650002400312125827 cEscola Canadense de Niteroi10aA Roupa nova do imperador a16 p.bil.c1 x 21 x 0.1 cm aEsta história faz parte do Projeto Primavera 4 a 5 anos, com textos adaptados para os que começam a ler. No final do livro, narra-se o argumento da história 4aLivros de Inicialização à Leitura 4aLiteratura Infantil